|
|
|
|
| LEADER |
01346nam a2200265 a 4500 |
| 001 |
1698401 |
| 008 |
090916s1967 dcua b 000 0 eng d |
| 010 |
|
|
|a hew67000079
|
| 040 |
|
|
|a U.S. Dept. of Health, Education and Welfare. Library HV741
|c DLC
|d DLC
|
| 082 |
0 |
0 |
|a 362.7/1
|2 17
|
| 100 |
1 |
|
|a Dittmann, Laura L.
|
| 245 |
1 |
0 |
|a Children in day care :
|b with focus on health /
|c by Laura Dittmann, with the Committee on Day Care, Maternal and Child Health Section, American Public Health Association.
|
| 260 |
|
|
|a Washington :
|b U.S. Children's Bureau, [for sale by the Supt. of Docs., U.S. Govt. Print. Off.]
|c 1967.
|
| 300 |
|
|
|a vi, 120 p. :
|b illus. ;
|c 23 cm.
|
| 490 |
1 |
|
|a United States. Children's Bureau. Publication
|v no. 444
|
| 504 |
|
|
|a Includes bibliographies.
|
| 541 |
1 |
|
|e 00003340
|
| 650 |
|
0 |
|a Day care centers
|z United States.
|
| 650 |
|
0 |
|a Child health services.
|
| 650 |
|
0 |
|a Day care centers
|z United States.
|
| 710 |
2 |
|
|a American Public Health Association.
|b Committee on Day Care.
|
| 830 |
|
0 |
|a Bureau publication (United States. Children's Bureau) ;
|v no. 444.
|
| 852 |
4 |
|
|a Ayesha Abed Library
|j General shelf
|
| 999 |
|
|
|c 4054
|d 4054
|
| 952 |
|
|
|0 0
|1 0
|2 ddc
|4 0
|6 362_710000000000000_DIT_1967
|7 0
|9 3734
|a BRACUL
|b BRACUL
|c GEN
|d 2009-10-03
|g 0.00
|l 0
|o 362.71 DIT
|p 3010003340
|r 2009-10-03
|t 1
|w 2009-10-03
|y BK
|x No price found in the accession register.
|